000 00697nam a2200241Ia 4500
005 20250425162618.0
008 250425s9999 xx 000 0 und d
020 _a9781783509133
041 _aeng
082 _a658
100 _aHOWARD, THOMAS
245 0 _aSECURING THE FUTURE OF MANAGEMENT EDUCATION COMPETITIVE DESTRUCTION OR CONSTRUCTIVE INNOVATION
250 _a11TH ED.
260 _aEstados Unidos
_bESPAE: ESCUELA DE POSGRADO EN ADM. DE EMPRESAS
_c2014
260 _aS.L.
_bEMERALD GROUP PUBLISHING LIMITED
300 _a224
650 _aEDUCACION
700 _aALEXANDER, WILSON
700 _aLEE, MICHELLE
700 _aLYNNE, THOMAS
942 _c01
010 _a90323
999 _c232819
_d232819